| 000 | 01552nam a22002297a 4500 | ||
|---|---|---|---|
| 999 |
_c58259 _d58259 |
||
| 003 | Ge_BSU | ||
| 005 | 20211012115703.0 | ||
| 008 | 211012b xxu||||| |||| 00| 0 geo d | ||
| 020 | _a9789941835308 | ||
| 041 | _ageo | ||
| 080 | _a343.9 ბ-37 | ||
| 100 |
_aბახტაძე, უშანგი _98089 |
||
| 245 |
_aკრიმინალიზაციის პროცესის კრიმინოლოგიური ანალიზი / _cუშანგი ბახტაძე; სულხან-საბა ორბელიანის უნივერსიტეტი. დანაშაულისა და სისხლის სამართლის მართმსაჯულების ცენტრი. |
||
| 264 |
_aთბილისი : _bსულხან-საბა ორბელიანის უნივერსიტეტის გამომცემლობა, _c2021. |
||
| 300 |
_a344 გვ. _b20 სმ. |
||
| 504 | _aბიბლიოგრ. გვ. 329-344 | ||
| 653 | _aსამართალი | ||
| 653 | _aკრიმინოლოგიური ანალიზი | ||
| 653 | _aკრიმინალიზაციის პროცესი | ||
| 710 |
_aსულხან-საბა ორბელიანის უნივერსიტეტი. _bდანაშაულისა და სისხლის სამართლის მართმსაჯულების ცენტრი. _912647 |
||
| 942 |
_2udc _cBK |
||